| 000 | 00516cam a22002171 4500 | ||
|---|---|---|---|
| 001 | sa 68018231 | ||
| 003 | DLC | ||
| 005 | 20260227112709.0 | ||
| 008 | 891016s1968 ii 000 0 maro | ||
| 010 | _asa 68018231 | ||
| 035 | _a(OCoLC)20497603 | ||
| 040 |
_aDLC _cWaU _dDLC |
||
| 042 | _apremarc | ||
| 050 | 0 | 0 |
_aBJ1470 _b.S56 |
| 100 | 0 | _aŚivendra Kandahārī. | |
| 245 | 1 | 0 | _aViśva gāndhāra. |
| 260 | _c[1968] | ||
| 300 |
_a14, 206 p. _c19 cm. |
||
| 500 | _aIn Marathi. | ||
| 650 | 0 | _aSelf-realization. | |
| 999 |
_c88257 _d88257 |
||